| Tag |
First Indicator |
Second Indicator |
Subfields |
| LEADER |
00000cgm a2200000Mi 4500 |
| 001 |
in00005570121 |
| 006 |
m o c |
| 007 |
cr |n||||||||a |
| 007 |
vz |za|z| |
| 008 |
190418s1994 nyu055 e o vueng d |
| 005 |
20241201231908.7 |
| 035 |
|
|
|a (OCoLC)on1101010476
|
| 040 |
|
|
|a ALSTP
|b eng
|e rda
|e pn
|c ALSTP
|d OCLCF
|d OCLCQ
|d OCLCO
|d OCL
|d OCLCQ
|d OCLCO
|d OCLCL
|d OCLCQ
|d NUI
|
| 019 |
|
|
|a 1373550125
|a 1430854279
|a 1444000296
|
| 035 |
|
|
|a (OCoLC)1101010476
|z (OCoLC)1373550125
|z (OCoLC)1430854279
|z (OCoLC)1444000296
|
| 043 |
|
|
|a n-us---
|
| 082 |
0 |
4 |
|a 305.8960730772
|q OCoLC
|2 21/eng/20230203
|
| 049 |
|
|
|a TXAM
|
| 245 |
0 |
0 |
|a Facing the façade /
|c Visionary Productions presents ; a Jerald B. Harkness, Charles M. Blair production ; directed by Jerald B. Harkness ; written & produced by Charles M. Blair, Jerald B. Harkness.
|
| 264 |
|
1 |
|a New York, NY :
|b The Cinema Guild,
|c 1994.
|
| 300 |
|
|
|a 1 online resource (55 min.)
|
| 306 |
|
|
|a 005449
|
| 336 |
|
|
|a two-dimensional moving image
|b tdi
|2 rdacontent
|
| 337 |
|
|
|a computer
|b c
|2 rdamedia
|
| 337 |
|
|
|a video
|b v
|2 rdamedia
|
| 338 |
|
|
|a online resource
|b cr
|2 rdacarrier
|
| 347 |
|
|
|a video file
|2 rda
|
| 490 |
0 |
|
|a Academic Video Online
|
| 500 |
|
|
|a Title from resource description page (viewed April 18, 2019).
|
| 511 |
0 |
|
|a Narrator: Avery Brooks.
|
| 520 |
|
|
|a Examines the experience of black students on predominantly white college campuses and how they cope with feelings of alienation, frustration, and discrimination. The students speak frankly about their `minority' status on campus, the persistence of racist attitudes among fellow students and instructors, as well as such issues as racial separatism, integration, black studies programs, sexism, and even prejudices within their own community based on language, behavior, hair and dress styles.
|
| 546 |
|
|
|a In English.
|
| 650 |
|
0 |
|a African American college students.
|
| 650 |
|
0 |
|a African American college students
|x Attitudes.
|
| 650 |
|
0 |
|a Racism
|z United States.
|
| 651 |
|
0 |
|a United States
|x Race relations.
|
| 650 |
|
0 |
|a African American students.
|
| 650 |
|
6 |
|a Étudiants noirs américains.
|
| 650 |
|
6 |
|a Étudiants noirs américains
|x Attitudes.
|
| 650 |
|
6 |
|a Racisme
|z États-Unis.
|
| 651 |
|
6 |
|a États-Unis
|x Relations raciales.
|
| 650 |
|
7 |
|a African American students
|2 fast
|
| 650 |
|
7 |
|a African American college students
|2 fast
|
| 650 |
|
7 |
|a African American college students
|x Attitudes
|2 fast
|
| 650 |
|
7 |
|a Race relations
|2 fast
|
| 650 |
|
7 |
|a Racism
|2 fast
|
| 651 |
|
7 |
|a United States
|2 fast
|1 https://id.oclc.org/worldcat/entity/E39PBJtxgQXMWqmjMjjwXRHgrq
|
| 655 |
|
7 |
|a documentary film.
|2 aat
|
| 655 |
|
7 |
|a Documentary films
|2 fast
|
| 655 |
|
7 |
|a Feature films
|2 fast
|
| 655 |
|
7 |
|a Documentary films.
|2 lcgft
|
| 655 |
|
7 |
|a Feature films.
|2 lcgft
|
| 655 |
|
7 |
|a Documentaires.
|2 rvmgf
|
| 700 |
1 |
|
|a Harkness, Jerald B.,
|e director,
|e producer.
|
| 700 |
1 |
|
|a Blair, Charles M.,
|e producer.
|
| 700 |
1 |
|
|a Brooks, Avery,
|e narrator.
|
| 710 |
2 |
|
|a Cinema Guild,
|e film distributor.
|
| 710 |
2 |
|
|a Visionary Productions,
|e presenter.
|
| 758 |
|
|
|i has work:
|a Facing the façade (MovingImage)
|1 https://id.oclc.org/worldcat/entity/E39PCGjGyHjKy6G4mcvpvBxhpP
|4 https://id.oclc.org/worldcat/ontology/hasWork
|
| 856 |
4 |
0 |
|u http://proxy.library.tamu.edu/login?url=https://www.aspresolver.com/aspresolver.asp?MARC;4072460
|z Connect to this streaming video (Alexander Street Press)
|t 0
|
| 955 |
|
|
|a Alexander Street Press subscription streaming video
|
| 994 |
|
|
|a 92
|b TXA
|
| 999 |
f |
f |
|s 3395ad83-f76d-418a-bb7d-1468e375c957
|i df9c2dab-e395-41af-86bc-f744ccf869f6
|t 0
|
| 952 |
f |
f |
|a Texas A&M University
|b College Station
|c Electronic Resources
|d Available Online
|t 0
|h Library of Congress classification
|
| 998 |
f |
f |
|t 0
|l Available Online
|